000 00739nam a2200217Ia 4500
008 130821s1998 ve gr spa
020 _a9800109978
040 _aCo-BoUCM
_bspa
041 0 0 _aspa
100 _aMagris, Claudio
_d1939-
_9153311
245 1 0 _aÍtaca y más allá.
_cClaudio Magris; Traducción Márgara Russotto
260 _aCaracas (Venezuela)
_bMonte Avila Editores
_c1998
300 _a294 páginas
490 _aEstudios. Serie Literatura
504 _aIncluye bibliografía e índice.
650 0 4 _aEnsayos literarios
_ySiglo XX
_914574
700 _aRUSSOTTO, Márgara.
_etrad.
_9161112
765 _aItaca e oltre.
942 _cLIBRO
_a18
_e1
_mM212I
_2DEWEY
_h854.917
999 _c41883
_d41883